Loading...
| Fine Arts - Other | 0 | 3 | 1 | 1 | 25 | 77 | 99.33 | 0 | 1 | 4.17 | 15.30 |
| Fine Arts - Painting and Sculpture | 0 | 2 | 0 | 0 | 20 | 66 | 84.00 | 0 | 0 | 4.95 | 7.58 |
| Religion | 0 | 2 | 0 | 0 | 20 | 36 | 40.50 | 0 | 1 | 12.04 | 13.29 |
| Literature - British | 0 | 2 | 0 | 1 | 20 | 92 | 102.00 | 0 | 0 | 1.75 | 4.55 |
| Science - Biology | 0 | 1 | 0 | 1 | 10 | 102 | 102.00 | 0 | 0 | 0.34 | 0.91 |
| Popular Culture | 0 | 1 | 0 | 0 | 10 | 81 | 81.00 | 0 | 0 | 3.77 | 9.52 |
| Literature - European | 0 | 1 | 0 | 0 | 10 | 76 | 76.00 | 0 | 0 | 3.38 | 3.03 |
| Philosophy | 0 | 1 | 0 | 1 | 10 | 106 | 106.00 | 0 | 0 | 0.00 | 1.14 |
| History - European | 0 | 1 | 0 | 0 | 10 | 73 | 73.00 | 0 | 0 | 2.83 | 4.55 |
| Social Science | 0 | 0 | 0 | 0 | 0 | 0.00 | 0 | 0 | 0.00 | 0.00 | |
| History - Other | 0 | 0 | 0 | 0 | 0 | 0.00 | 0 | 0 | 0.00 | 0.00 | |
| Fine Arts - Classical Music | 0 | 0 | 1 | 0 | -5 | 0.00 | 0 | 0 | 0.00 | 0.00 |